[Event "Mecklenburg VP LL2 Ost 2223"]
[Site "Mecklenburg VP"]
[Date "2023.03.19"]
[Round "7.3"]
[White "Boldt, Manfred"]
[Black "Abt, Martin"]
[Result "1/2-1/2"]
[WhiteElo "1748"]
[BlackElo "1577"]
[PlyCount "140"]
[EventDate "2022.10.23"]
[EventType "team-tourn"]
[EventRounds "9"]
[EventCountry "GER"]
[SourceTitle "EXT 2024"]
[Source "ChessBase"]
[SourceDate "2023.10.10"]
[SourceVersion "1"]
[SourceVersionDate "2023.10.10"]
[SourceQuality "1"]
[WhiteTeam "Binz Therme Ruegen"]
[BlackTeam "Gryps SV"]
[WhiteTeamCountry "GER"]
[BlackTeamCountry "GER"]

1. d4 d5 2. e3 Bf5 3. Nf3 Nf6 4. Be2 e6 5. Nbd2 Bd6 6. c4 c6 7. c5 Bc7 8. b4 0-0 9. Nh4 a5 10. Nxf5 exf5 11. b5 b6 12. Ba3 Re8 13. cxb6 Bxb6 14. bxc6 Nxc6 15. Bb5 Re6 16. 0-0 Ne4 17. Nxe4 fxe4 18. Qb3 Rb8 19. Qa4 Na7 20. Be2 Bc7 21. Bc5 Nc6 22. Rab1 Ne7 23. Rxb8 Qxb8 24. g3 h5 25. Bxe7 Rxe7 26. Bxh5 Re6 27. Qc2 Rb6 28. Rc1 Rb7 29. Qc6 g6 30. Bg4 Rb1 31. Kg2 Rxc1 32. Qxc1 Qb6 33. Bd7 Qf6 34. Bg4 Qd6 35. Be2 f6 36. Bb5 Kf7 37. Qc6 Qxc6 38. Bxc6 Ke6 39. f3 exf3+ 40. Kxf3 Bd6 41. h3 Bf8 42. g4 g5 43. e4 dxe4+ 44. Kxe4 Bb4 45. d5+ Ke7 46. Kd4 Kd6 47. Ba8 Bc5+ 48. Ke4 Bb4 49. Kf5 Ke7 50. Bb7 Ba3 51. Kg6 Bb4 52. Bc6 Ba3 53. Kh5 Bb4 54. Kg6 Ba3 55. Kf5 Bb4 56. Ke4 Kd6 57. Ba8 Ba3 58. Kf5 Ke7 59. Bc6 Bb4 60. Ke4 Kd6 61. Kd4 Bc5+ 62. Kc4 Bb6 63. a4 Bd8 64. Kd4 Bb6+ 65. Ke4 Bd8 66. Kf5 Ke7 67. Kg6 Bc7 68. Kg7 Bd8 69. Bb7 Bc7 70. Bc6 Bd8 1/2-1/2

[Event "Mecklenburg VP-ch op"]
[Site "Greifswald"]
[Date "2021.06.24"]
[Round "1"]
[White "Boldt, Manfred"]
[Black "Decker, Nils1111"]
[Result "1-0"]
[WhiteElo "1706"]
[BlackElo "1334"]
[PlyCount "59"]
[EventDate "2021.06.24"]
[EventType "swiss"]
[EventRounds "7"]
[EventCountry "GER"]
[SourceTitle "EXT 2022"]
[Source "ChessBase"]
[SourceDate "2021.10.06"]
[SourceVersion "1"]
[SourceVersionDate "2021.10.06"]
[SourceQuality "1"]

1. d4 e6 2. e3 Nf6 3. Bd3 d5 4. Nd2 b6 5. f4 c5 6. c3 Bb7 7. Ngf3 Bd6 8. 0-0 Nbd7 9. Ne5 Qc7 10. Qf3 Rf8 11. b3 g6 12. Bb2 0-0-0 13. Rac1 c4 14. Bb1 b5 15. Qe2 Nh5 16. g4 f6 17. Nxd7 Kxd7 18. gxh5 e5 19. Qg4+ Kc6 20. h6 exf4 21. exf4 g5 22. bxc4 bxc4 23. Rce1 gxf4 24. Qf3 Rg8+ 25. Kh1 Bc8 26. Rg1 Qb8 27. Nxc4 Bc7 28. Ba3 Qb5 29. Nd2 Rh8 30. Bb4 1-0

[Event "Goch op 26th"]
[Site "Goch"]
[Date "2015.09.03"]
[Round "1"]
[White "Hoellmann, Ludger"]
[Black "Boldt, Manfred"]
[Result "1-0"]
[WhiteElo "2161"]
[BlackElo "1832"]
[PlyCount "75"]
[EventDate "2015.09.03"]
[EventType "swiss"]
[EventRounds "7"]
[EventCountry "GER"]
[SourceTitle "EXT 2018"]
[Source "ChessBase"]
[SourceDate "2017.10.13"]
[SourceVersion "1"]
[SourceVersionDate "2017.10.13"]
[SourceQuality "1"]

1. d4 Nf6 2. c4 d6 3. Nf3 g6 4. Nc3 Bg7 5. e4 0-0 6. Be2 Nc6 7. 0-0 e5 8. d5 Ne7 9. Ne1 Ne8 10. Be3 f5 11. f3 f4 12. Bf2 g5 13. c5 Rf6 14. cxd6 cxd6 15. a4 h5 16. Nb5 h4 17. h3 a6 18. Na3 Rh6 19. Nc4 Nf6 20. Nb6 Rb8 21. Rc1 g4 22. Nxc8 Nxc8 23. hxg4 Nh7 24. Qc2 Qf8 25. Nd3 h3 26. gxh3 Rxh3 27. Kg2 Ng5 28. Rh1 Rxh1 29. Rxh1 Ne7 30. Qc7 Rc8 31. Qxd6 Rc2 32. Bd1 Rd2 33. Qa3 Qc8 34. Qxe7 Nxe4 35. Qh4 Ng3 36. Qh7+ Kf8 37. Re1 e4 38. Nxf4 1-0

[Event "Goch op 25th"]
[Site "Goch"]
[Date "2014.09.04"]
[Round "1"]
[White "Krueger, Andre"]
[Black "Boldt, Manfred"]
[Result "1/2-1/2"]
[WhiteElo "2163"]
[BlackElo "1818"]
[PlyCount "52"]
[EventDate "2014.09.04"]
[EventType "swiss"]
[EventRounds "7"]
[EventCountry "GER"]
[SourceTitle "EXT 2016"]
[Source "ChessBase"]
[SourceDate "2015.10.08"]
[SourceVersion "1"]
[SourceVersionDate "2015.10.08"]
[SourceQuality "1"]

1. Nf3 d6 2. d4 Nf6 3. g3 g6 4. Bg2 Bg7 5. 0-0 0-0 6. a4 Nbd7 7. a5 c5 8. a6 Qc7 9. dxc5 Nxc5 10. axb7 Bxb7 11. Nc3 a6 12. Ne1 Bxg2 13. Nxg2 Qc6 14. Ne1 e6 15. Be3 Rfb8 16. Bxc5 Qxc5 17. Qd3 Qb6 18. Ra2 d5 19. Nf3 Nd7 20. Na4 Qb5 21. Qd2 Nc5 22. Nxc5 Qxc5 23. c3 Rb7 24. Rc1 a5 25. Ne1 Rab8 26. Rc2 Qc7 1/2-1/2

[Event "Goch op 24th"]
[Site "Goch"]
[Date "2013.09.06"]
[Round "2"]
[White "Boldt, Manfred"]
[Black "Montforts, Ton"]
[Result "1-0"]
[WhiteElo "1887"]
[BlackElo "1687"]
[PlyCount "53"]
[EventDate "2013.09.05"]
[EventType "swiss"]
[EventRounds "7"]
[EventCountry "GER"]
[SourceTitle "EXT 2015"]
[Source "ChessBase"]
[SourceDate "2014.11.20"]
[SourceVersion "1"]
[SourceVersionDate "2014.11.20"]
[SourceQuality "1"]

1. e4 d5 2. exd5 Nf6 3. Bc4 Nxd5 4. Qf3 c6 5. Nc3 Be6 6. d3 Nd7 7. Nxd5 cxd5 8. Bb3 Nc5 9. d4 Nxb3 10. Qxb3 Qd7 11. Bf4 g6 12. Nf3 f6 13. 0-0 Rc8 14. Rfe1 Bf5 15. Rac1 g5 16. Bd2 h5 17. Bb4 b6 18. c4 Be4 19. cxd5 Rxc1 20. Rxc1 Bxd5 21. Qd3 Kf7 22. Re1 e5 23. Qa3 e4 24. Nd2 f5 25. Bxf8 Rxf8 26. Rc1 Kg6 27. Qxf8 1-0

[Event "Goch op 24th"]
[Site "Goch"]
[Date "2013.09.06"]
[Round "3"]
[White "Schulte, Christian"]
[Black "Boldt, Manfred"]
[Result "1-0"]
[WhiteElo "2136"]
[BlackElo "1887"]
[PlyCount "37"]
[EventDate "2013.09.05"]
[EventType "swiss"]
[EventRounds "7"]
[EventCountry "GER"]
[SourceTitle "EXT 2015"]
[Source "ChessBase"]
[SourceDate "2014.11.20"]
[SourceVersion "1"]
[SourceVersionDate "2014.11.20"]
[SourceQuality "1"]

1. e4 g6 2. d4 Bg7 3. Nc3 d6 4. Nf3 Bg4 5. Bc4 Bxf3 6. Qxf3 e6 7. Be3 Nc6 8. 0-0-0 Na5 9. Be2 Ne7 10. h4 d5 11. h5 dxe4 12. Nxe4 Qd5 13. h6 Bxd4 14. Bxd4 Qxa2 15. Bxh8 Qa1+ 16. Kd2 Rd8+ 17. Bd3 Nc4+ 18. Ke2 Qa2 19. Nf6+ 1-0

[Event "Dortmund Sparkassen op-A"]
[Site "Dortmund"]
[Date "2012.07.21"]
[Round "8"]
[White "Hartung, Thomas"]
[Black "Boldt, Manfred"]
[Result "0-1"]
[WhiteElo "2013"]
[BlackElo "1946"]
[PlyCount "76"]
[EventDate "2012.07.14"]
[EventType "swiss"]
[EventRounds "9"]
[EventCountry "GER"]
[SourceTitle "CBM 149 Extra"]
[Source "ChessBase"]
[SourceDate "2012.08.24"]
[SourceVersion "1"]
[SourceVersionDate "2012.08.24"]
[SourceQuality "1"]

1. e4 c5 2. Nf3 g6 3. d4 cxd4 4. Nxd4 Bg7 5. Bc4 a6 6. Bb3 Nf6 7. Nc3 d6 8. 0-0 0-0 9. h3 Nbd7 10. Be3 Nc5 11. f3 Bd7 12. Qe1 Rc8 13. Rd1 Qc7 14. g4 Nxb3 15. cxb3 Qa5 16. Qg3 b5 17. h4 b4 18. Nce2 e5 19. Nf5 gxf5 20. exf5 Bb5 21. Rf2 Rc2 22. Re1 Nd5 23. Bc1 Rfc8 24. Nc3 Rxc1 25. Rxc1 bxc3 26. bxc3 Nxc3 27. Rcc2 Qb6 28. Kg2 Qb7 29. g5 Bd3 30. f6 Bxc2 31. Rxc2 Bf8 32. h5 e4 33. f4 e3+ 34. Kh2 Qe4 35. Rg2 e2 36. g6 fxg6 37. hxg6 hxg6 38. Rg1 Bh6 0-1

[Event "Dortmund Sparkassen op-A"]
[Site "Dortmund"]
[Date "2012.07.20"]
[Round "7"]
[White "Boldt, Manfred"]
[Black "Heinert, Eugen"]
[Result "0-1"]
[WhiteElo "1946"]
[BlackElo "2172"]
[PlyCount "64"]
[EventDate "2012.07.14"]
[EventType "swiss"]
[EventRounds "9"]
[EventCountry "GER"]
[SourceTitle "CBM 149 Extra"]
[Source "ChessBase"]
[SourceDate "2012.08.24"]
[SourceVersion "1"]
[SourceVersionDate "2012.08.24"]
[SourceQuality "1"]

1. e4 e6 2. d4 d5 3. Nd2 Nf6 4. e5 Nfd7 5. Bd3 c5 6. c3 Nc6 7. Ngf3 Qb6 8. 0-0 cxd4 9. cxd4 Nxd4 10. Nxd4 Qxd4 11. Nf3 Qb6 12. Qa4 h6 13. Bd2 a6 14. Rac1 g5 15. Ba5 Qxb2 16. Rc3 b5 17. Qg4 Qxa2 18. Rfc1 Bb7 19. Bb4 Qa4 20. Rb1 Bxb4 21. Bc2 Qa5 22. Rcb3 Bc3 23. Bg6 Nf8 24. Bxf7+ Kxf7 25. Nxg5+ hxg5 26. Qf3+ Ke8 27. Rxc3 Rc8 28. Rxc8+ Bxc8 29. Qf6 Rh7 30. Rc1 Rc7 31. Rd1 Qd2 32. Qf3 Rc1 0-1

[Event "Dortmund Sparkassen op-A"]
[Site "Dortmund"]
[Date "2012.07.17"]
[Round "4"]
[White "Boldt, Manfred"]
[Black "Eckardt, Joshua"]
[Result "0-1"]
[WhiteElo "1946"]
[BlackElo "2057"]
[PlyCount "64"]
[EventDate "2012.07.14"]
[EventType "swiss"]
[EventRounds "9"]
[EventCountry "GER"]
[SourceTitle "CBM 149 Extra"]
[Source "ChessBase"]
[SourceDate "2012.08.24"]
[SourceVersion "1"]
[SourceVersionDate "2012.08.24"]
[SourceQuality "1"]

1. e4 c6 2. d4 d5 3. Nd2 dxe4 4. Nxe4 Bf5 5. Ng3 Bg6 6. Nf3 Nd7 7. h4 h6 8. h5 Bh7 9. Bd3 Bxd3 10. Qxd3 e6 11. Bf4 Qa5+ 12. c3 Ngf6 13. b4 Qa3 14. Bc1 Qa4 15. 0-0 a5 16. Bd2 axb4 17. cxb4 Bxb4 18. Bxb4 Qxb4 19. Rfb1 Qd6 20. Rxb7 Nc5 21. Qb1 Nxb7 22. Qxb7 0-0 23. Qb2 Ra5 24. Nd2 Rb5 25. Qc3 Nxh5 26. Nge4 Qb4 27. Qxc6 Qxd4 28. Rc1 Rb2 29. Rc4 Qd5 30. a4 Qxc6 31. Rxc6 f5 32. Nc4 Rb1+ 0-1

[Event "Dortmund Sparkassen op-A"]
[Site "Dortmund"]
[Date "2012.07.14"]
[Round "1"]
[White "Boldt, Manfred"]
[Black "Schmuecker, Marcus"]
[Result "0-1"]
[WhiteElo "1946"]
[BlackElo "2173"]
[PlyCount "68"]
[EventDate "2012.07.14"]
[EventType "swiss"]
[EventRounds "9"]
[EventCountry "GER"]
[SourceTitle "CBM 149 Extra"]
[Source "ChessBase"]
[SourceDate "2012.08.24"]
[SourceVersion "1"]
[SourceVersionDate "2012.08.24"]
[SourceQuality "1"]

1. e4 e6 2. Nf3 d5 3. exd5 exd5 4. d4 Bd6 5. Bd3 Nc6 6. c3 Bg4 7. Be3 Nge7 8. h3 Bf5 9. 0-0 Qd7 10. Qc2 h6 11. Bxf5 Nxf5 12. Re1 0-0-0 13. b4 Rde8 14. b5 Nd8 15. Nbd2 Nxe3 16. fxe3 Bg3 17. Re2 Re7 18. Nf1 Bd6 19. a4 g5 20. N1h2 h5 21. e4 Rhe8 22. Rae1 dxe4 23. Rxe4 Qf5 24. Nd2 Bf4 25. Nhf3 g4 26. hxg4 hxg4 27. Ne5 Rh8 28. Nxg4 Rxe4 29. Qxe4 Qxg4 30. Nf3 Rg8 31. Re2 Bd6 32. Qd3 Ne6 33. d5 Bc5+ 34. Nd4 Nxd4 0-1

[Event "Goch op 22nd"]
[Site "Goch"]
[Date "2011.09.30"]
[Round "2"]
[White "Kruett, Michael"]
[Black "Boldt, Manfred"]
[Result "1/2-1/2"]
[WhiteElo "1836"]
[BlackElo "1646"]
[PlyCount "118"]
[EventDate "2011.09.29"]
[EventType "swiss"]
[EventRounds "7"]
[EventCountry "GER"]
[SourceTitle "EXT 2014"]
[Source "ChessBase"]
[SourceDate "2013.11.20"]
[SourceVersion "1"]
[SourceVersionDate "2013.11.20"]
[SourceQuality "1"]

1. e4 d5 2. exd5 Nf6 3. Nc3 Nxd5 4. Nxd5 Qxd5 5. d4 e5 6. Be3 Nc6 7. Nf3 Bg4 8. Be2 e4 9. Nd2 Bxe2 10. Qxe2 0-0-0 11. c3 f5 12. 0-0 Qf7 13. f3 Qh5 14. Rae1 Bd6 15. f4 Qf7 16. b4 Ne7 17. a3 h5 18. c4 Ng6 19. c5 Be7 20. Rc1 Bf6 21. c6 Bxd4 22. cxb7+ Kb8 23. Nc4 Bb6 24. Na5 Rd3 25. Bxb6 axb6 26. Nc6+ Kxb7 27. a4 Ne7 28. Ne5 Qd5 29. Nxd3 Qxd3 30. Qxd3 exd3 31. Rfd1 Nd5 32. Rxd3 Nxf4 33. Re3 Nd5 34. Re5 Nf4 35. Re7 Rc8 36. g3 Nd5 37. Rxg7 Nxb4 38. Rf7 Nd3 39. Rc3 Nc5 40. a5 Ne4 41. Ra3 Nd6 42. a6+ Ka7 43. Rh7 Nb5 44. Ra4 Nc3 45. Ra1 b5 46. Rxh5 Ne2+ 47. Kf2 Nd4 48. Rd1 c5 49. Rxd4 cxd4 50. Rxf5 Kxa6 51. Rd5 Rc2+ 52. Kf3 Rxh2 53. Rxd4 Ka5 54. g4 b4 55. g5 Rh1 56. g6 Rf1+ 57. Kg4 b3 58. Rd2 Kb4 59. Kg3 Rg1+ 1/2-1/2

[Event "Dortmund Sparkassen op-B"]
[Site "Dortmund"]
[Date "2011.07.31"]
[Round "9"]
[White "Boldt, Manfred"]
[Black "Grunwald, Guenther"]
[Result "1-0"]
[WhiteElo "1669"]
[BlackElo "1691"]
[PlyCount "61"]
[EventDate "2011.07.23"]
[EventType "swiss"]
[EventRounds "9"]
[EventCountry "GER"]
[SourceTitle "EXT 2013"]
[Source "ChessBase"]
[SourceDate "2012.11.22"]
[SourceVersion "1"]
[SourceVersionDate "2012.11.22"]
[SourceQuality "1"]

1. e4 e5 2. Nf3 Nc6 3. d4 exd4 4. Nxd4 Bc5 5. Be3 Qf6 6. c3 Nge7 7. Qd2 0-0 8. Be2 d6 9. 0-0 h6 10. f4 Bd7 11. f5 Kh7 12. Rf3 Ng8 13. Rh3 Rfe8 14. Bg5 Bxd4+ 15. Kh1 Qe5 16. cxd4 Nxd4 17. Bc4 Qxe4 18. Nc3 Qe5 19. Bf4 Qc5 20. Bxf7 Rf8 21. Bg6+ Kh8 22. Bxh6 Bxf5 23. Be3+ Bxh3 24. Bxd4 Bxg2+ 25. Kxg2 Qc6+ 26. Be4 Qd7 27. Qg5 Nf6 28. Qh4+ Kg8 29. Bxf6 gxf6 30. Bd5+ Kg7 31. Kh1 1-0

[Event "Dortmund Sparkassen op-B"]
[Site "Dortmund"]
[Date "2011.07.25"]
[Round "3"]
[White "Boldt, Manfred"]
[Black "Bausch, Thomas"]
[Result "0-1"]
[WhiteElo "1669"]
[BlackElo "1953"]
[PlyCount "114"]
[EventDate "2011.07.23"]
[EventType "swiss"]
[EventRounds "9"]
[EventCountry "GER"]
[SourceTitle "EXT 2013"]
[Source "ChessBase"]
[SourceDate "2012.11.22"]
[SourceVersion "1"]
[SourceVersionDate "2012.11.22"]
[SourceQuality "1"]

1. d4 Nf6 2. Bf4 d6 3. Nc3 g6 4. e4 Bg7 5. Qd2 Nbd7 6. Bh6 Bxh6 7. Qxh6 c5 8. d5 Qa5 9. Qd2 a6 10. f3 b5 11. Nce2 Qxd2+ 12. Kxd2 Nb6 13. Nf4 g5 14. Nfh3 h6 15. b3 e6 16. c4 Bd7 17. Bd3 Ke7 18. Ne2 e5 19. Nf2 Nh5 20. g3 Ng7 21. g4 bxc4 22. bxc4 a5 23. Rab1 Rhb8 24. Nc3 f6 25. h4 Rb7 26. hxg5 hxg5 27. Rb2 Nxc4+ 28. Bxc4 Rxb2+ 29. Ke3 a4 30. Nfd1 Rbb8 31. Rh2 Rh8 32. Rf2 Rh3 33. Ke2 Rb8 34. a3 Ne8 35. Kd2 Nc7 36. Kc2 Nb5 37. Bxb5 Bxb5 38. Nb2 Bd7 39. Ncxa4 Ra8 40. Kb3 Bxg4 41. Nb6 Rb8 42. N2c4 Rxf3+ 43. Rxf3 Bxf3 44. a4 Bxe4 45. Kc3 Bf5 46. a5 Bc8 47. Nxc8+ Rxc8 48. Nb6 Rc7 49. a6 g4 50. Kd3 Kf7 51. Nc4 Kg6 52. Nxd6 Ra7 53. Nb7 Rxa6 54. Nxc5 Rd6 55. Ke4 g3 56. Kf3 Rxd5 57. Ne4 f5 0-1

[Event "Dortmund op-B"]
[Site "Dortmund"]
[Date "2009.07.11"]
[Round "8"]
[White "Boldt, Manfred"]
[Black "Baerwolf, Steven"]
[Result "0-1"]
[WhiteElo "1709"]
[BlackElo "1865"]
[PlyCount "110"]
[EventDate "2009.07.04"]
[EventType "swiss"]
[EventRounds "9"]
[EventCountry "GER"]
[SourceTitle "EXT 2012"]
[Source "ChessBase"]
[SourceDate "2011.11.24"]
[SourceVersion "1"]
[SourceVersionDate "2011.11.24"]
[SourceQuality "1"]

1. e4 e6 2. d4 b6 3. Bd3 Bb7 4. Be3 Nf6 5. f3 c5 6. Ne2 d6 7. 0-0 Nbd7 8. c4 cxd4 9. Bxd4 Be7 10. Nbc3 0-0 11. Ng3 Nc5 12. Be2 Rc8 13. Be3 d5 14. exd5 exd5 15. Nxd5 Nxd5 16. cxd5 Bxd5 17. b4 Ne6 18. Qa4 Rc3 19. Nf5 a5 20. Nxe7+ Qxe7 21. Bd2 Rc7 22. Rac1 Rfc8 23. bxa5 Rxc1 24. Bxc1 Qc5+ 25. Kh1 bxa5 26. h3 Bc6 27. Qd1 h6 28. Qd3 Rd8 29. Qc4 Rd4 30. Qa6 Rd8 31. Bb2 Nf4 32. Rc1 Qf2 33. Bf1 Qxb2 34. Qxc6 Qxa2 35. Qc7 Ne6 36. Qa7 a4 37. Bc4 Qb2 38. Qe3 Re8 39. Re1 Nc7 40. Qg1 Rxe1 41. Qxe1 a3 42. Qd1 Ne6 43. Qd5 Qd4 44. Qa8+ Kh7 45. Bxe6 Qd1+ 46. Kh2 Qd6+ 47. Kh1 fxe6 48. Qe4+ Kg8 49. Qa4 Qd3 50. Qe8+ Kh7 51. Qxe6 Qb1+ 52. Kh2 a2 53. f4 a1Q 54. f5 Qg1+ 55. Kg3 Qae1+ 0-1